01805nam a22002417a 450000500170000000800410001702000180005804000070007604100080008308200200009110000340011124500540014526000390019930000240023836500560026252009380031865000360125665000370129270000330132994200120136299900190137495201700139320251208093910.0220909b ||||| |||| 00| 0 eng d a9788125036784 cAL aeng 223a820.9bMISI aParatha Sarathi Misra9248177 aIntroduction to stylisticsb: Theory and practice aHyderabadbOrient Blackswan c2016 ax,150pbPBc21x14cm 2Englisha3496b273.00c₹d350.00e22%f09-08-2022 aThis book presents a lucid and accessible introduction to stylistics and provides a clear, broad-based and methodological stylistic analysis of various literary as well as non-literary texts. Though the book is primarily meant for students interested in the theory and practice of stylistics, the methodological approach of the book with plenty of examples drawn from different genres will also benefit researchers working in the fields of stylistics, semiotics and literary studies. Adopting a user-friendly approach, the author has discussed the role of stylistics in understanding the relationship between language and its creative and communicative functions. A number of poems, short stories and dramatic discourses are analysed in the book and each chapter includes practical exercises and follow-up work to consolidate the acquired skills. This book will inspire future students and researchers to approach texts on their own. aIndian English Criticism956930 aIndian English Literature956931 aMisra, Partha Sarathi956932 2ddccBK c224539d224539 00102ddc40708ENGaALbALd2022-08-11eBiblios Book Point, Surathkal, Mangalore-575014g273.00l0o820.9 MISIp075991r2022-09-09 00:00:00v350.00w2022-09-09yBK